Financing of health care /

Bibliographic Details
Other Authors: Weeks, Lewis E., Berman, Howard J., Bisbee, Gerald E.
Format: Book
Language:English
Published: Ann Arbor, Mich. : Health Administration Press, 1979.
Subjects:

MARC

Tag First Indicator Second Indicator Subfields
LEADER 00000cam a22000008i 4500
001 in00000042898
005 20151007064923.0
008 790419s1979 miua b 00100 eng
010 |a  79013436  
020 |a 0914904345 :  |c $24.00. 
020 |a 0914904353 (pbk. :)  |c $14.00 
035 |a (OCoLC)04933160 
035 |9 AAE0890AM 
040 |a DLC  |c DLC  |d TXA  |d UtOrBLW 
043 |a n-us--- 
049 |a TXAM  |c 1 [1558066], 2 [1115184] 
050 0 0 |a RA410.53  |b .F56 
082 0 |a 338.4/3 
245 0 0 |a Financing of health care /  |c edited by Lewis E. Weeks, Howard J. Berman, and Gerald E. Bisbee, Jr. 
263 |a 7908 
264 1 |a Ann Arbor, Mich. :  |b Health Administration Press,  |c 1979. 
300 |a vii, 537 pages :  |b illustrations ;  |c 27 cm. 
336 |a text  |b txt  |2 rdacontent 
337 |a unmediated  |b n  |2 rdamedia 
338 |a volume  |b nc  |2 rdacarrier 
504 |a Includes bibliographical references and index. 
650 0 |a Medical care  |z United States  |x Finance. 
650 0 |a Medical care, Cost of  |z United States. 
650 0 |a Health insurance  |z United States. 
700 1 |a Weeks, Lewis E. 
700 1 |a Berman, Howard J. 
700 1 |a Bisbee, Gerald E. 
730 0 |a Inquiry. 
999 |a MARS 
999 f f |s 64cc5455-ef57-3169-833b-84a6ebb19951  |i 605534c4-7d27-3442-a787-f0cad2c7b8dd  |t 0 
952 f f |p ric  |a Texas A&M University  |b Rellis Campus  |c Joint Library Facility  |s JLF  |d Remote Storage  |t 0  |e RA410.53 .F56  |h Library of Congress classification  |i unmediated -- volume  |m A14805064608 
998 f f |a RA410.53 .F56  |t 0  |l Remote Storage